I Gotta Feline Quiz Stats

 Plays Quiz Updated Jan 29, 2019

Support Sporcle.
Go Orange.
Score 0/30 Timer 08:00
0 Plays Today
Clue Answer % Correct
On this band's videos for 'Don't Cha' and 'Stickwitu', four girls are shown singing but only Nicole Scherzinger's voice is heard.The Pussycat Dolls
87.2%
She has a red bow on her left ear,
no mouth and first appeared on a
Japanese coin purse in 1974.
Hello Kitty
69.9%
Usain Bolt's footwear sponsorPuma
67.4%
British luxury car company,
formerly known as Swallow Sidecars,
who manufacture the XF, XJ & XK lines.
Jaguar
61.2%
2009 ABC sitcom starring Courteney Cox.Cougar Town
58.8%
1970 Disney animated film set in FranceThe Aristocats
58.4%
Kurt Vonnegut novel or a game involving passing looped string between players.Cat's Cradle
54.5%
'Morning Has Broken' singer who changed his name to Yusef Islam.Cat Stevens
53.9%
The title of this Peter Sellers comedy
refers to a jewel, not a French policeman.
The Pink Panther
53.8%
1970 cartoon & 2001 film
about an all-girl band
Josie and the Pussycats
52.4%
Spelling-impaired metal band that
recorded 'Pour Some Sugar On Me'.
Def Leppard
45.2%
Idiom warning against
excessive inquisitiveness.
Curiosity killed the cat
44.8%
When he released 'Jack & Diane'
and 'Hurts So Good', John Mellencamp was known as this.
John Cougar
44.1%
A whip with multiple strands,
intended to inflict intense pain.
Cat o' Nine Tails
40.8%
Minneapolis's WNBA team. A rare name in pro-sports that ends in 'X' but not 'Sox'.Minnesota Lynx
38.4%
Clue Answer % Correct
Any member of a 1960's radical group, or T'Challa the Wakandan of comicsBlack Panther
37.6%
'Girl band' book series that became a Disney movie series starring Raven-Symoné.The Cheetah Girls
37.6%
Another Peter Sellers comedy, better remembered for Tom Jones' title song. Whoa-oh whoa-oh whoa!What's New Pussycat
34.7%
Full name of Charlotte's NFL teamCarolina Panthers
34.3%
80's band ('Rock This Town') that briefly brought back rockabilly.The Stray Cats
23.7%
Term describing actresses such as
Brigitte Bardot
(decades before they become cougars).
Sex kitten
20.6%
Flower that got its name from the French for 'lion's tooth' or 1967 Rolling Stones single.Dandelion
17%
A work stoppage unauthorized by union officialsWildcat strike
15.9%
Symbol of the England World Cup team, as seen on England's Coat of Arms.Three Lions
13.1%
Classic 6-word slogan of several oil companies, including Esso, Exxon and Enco.Put A Tiger In Your Tank.
12.8%
Canadian Football League team (in Hamilton)
that qualifies for this list twice.
Tiger-Cats
9.9%
Stand-up comedian, known for occasionally damaging talk show sets.Bobcat Goldthwait
9.3%
Canadian band who hit worldwide with
'Don't Forget Me (When I'm Gone)'
Glass Tiger
6.1%
Posthumously released Bob Marley single
where the three words in the title rhyme.
Iron Lion Zion
4.7%
Jack Lemmon won his Best Actor Oscar for this 1973 film.Save The Tiger
4.4%

From the Vault

Click the Netflix Original Series

by Noldeh

Click the series and chill.
Remove Ads.
Support Sporcle.
Get the best of Sporcle when you Go Orange. This ad-free experience offers more features, more stats, and more fun while also helping to support Sporcle. Thank you for becoming a member.

Show Comments

Extras

Top Quizzes Today


Score Distribution

Your Account Isn't Verified!

In order to create a playlist on Sporcle, you need to verify the email address you used during registration. Go to your Sporcle Settings to finish the process.

Report this User

Report this user for behavior that violates our Community Guidelines.

Details: